| 000 | 00730cab a2200229 4500 | ||
|---|---|---|---|
| 001 | ABS55582 | ||
| 008 | 090401t1996 xxu||||| |||| 00| 0 eng d | ||
| 035 | _a(Sirsi) u17418 | ||
| 041 | _aeng | ||
| 100 | _aHirst, C. | ||
| 245 | _aExamining the stock of the `one-stop shop` | ||
| 260 | _c1996 | ||
| 350 | _a0 | ||
| 490 |
_aPlanning Week _v4(31) 1 August 1996, 8(1) |
||
| 520 | _aFour local authorities are carrying out pilot studies of the `one-stop shop` initiative aimed at promoting the development team approach between developers and planners. | ||
| 650 | _aDEVELOPMENT TEAM | ||
| 650 | _aONE STOP SHOP | ||
| 650 | _aPLANNING PROCESS | ||
| 690 | _aPLANNING LAW AND PRACTICE | ||
| 942 | _n0 | ||
| 948 | _c04/03/1997 | ||
| 999 |
_c11554 _d11554 |
||